01187cam a22003011 45000010005000000030006000050050017000110080041000280100017000690350012000860400022000980500015001200820012001351000038001472450072001852500035002572600047002923000047003395050007003865200212003935210019006055210018006246500028006429060045006709420015007159990015007309520140007458386FISKH20250910120309.0770920s1943 maua j 000 1 eng  a 43018856  a3109302 aDLCcMBdDLCbeng aPZ7.B954 K a808.0681 aBurton, Virginia Lee,d1909-1968.10aKaty and the big snow;bstory and picturescby Virginia Lee Burton. aThis edition published in 1996 aBoston :bHoughton Mifflin company,c1943. a38 pages : bcolor illustrations ; c19 cm aL  aKaty, a red crawler tractor, belonged to the Highway Department of the City of Geoppolis. She was not used in winter, however, until a huge snow storm snowed in the whole city. Then Katy plowed out everyone.8 a520 bLexile 8 aL bRaz-Plus  aTransportationvWeather a7bcbccorignewdueocipf19gy-gencatlg 2ddccBKn0 c8386d8386 00102ddc40708JUVFa002b002cTTP Yellow d2025-09-10l0oBUR 808.068 PZ7.B954 KpFISBK00429r2025-09-10 12:03:07t1w2025-09-10yBK